000 01373nam a22002657a 4500
005 20110708111942.0
008 110708t xxu||||| |||| 00| 0 mar d
010 _aMAR-21057
020 _c76.00
035 _aMR-13715
037 _bDBAD/PUB
040 _aDPL
_bMR
082 _a920
100 _929276
_aठाकुर,रवींद्रनाथ
245 _aमहात्मा गांधी /
_cरवींद्रनाथ ठाकूर ; वासुदेव विश्वनाथ गोखले
246 _aMahatama Gandhi
_bby Ravindernath Thakur
260 _aमुंबई
_bमहाराष्ट्र राज्य साहित्य आणि संस्कृति मंडल
_c2011
270 _aरवींद्र नाट्यमंदिर इमारत,दुसरा मजला,सयानी रोड,प्रबादेवी
_bमुंबई
_e400025
300 _a56पृ.
_c22सेमी(अजिल्द)
650 _aजीवनचरित्र
_929332
650 _aBiography
_929333
700 _aगोखले,वासुदेव विश्वनाथ
_929336
942 _2ddc
_cMR
_mगांधीम
_h920
999 _c53688
_d53688